Bezbaruahar sahitya prativa (Record no. 3355)
[ view plain ]
| 000 -LEADER | |
|---|---|
| fixed length control field | 00464cam a2200181ua 4500 |
| 008 - FIXED-LENGTH DATA ELEMENTS--GENERAL INFORMATION | |
| fixed length control field | 111116n ii |||gr||||Z||||||asm |
| 040 ## - CATALOGING SOURCE | |
| Transcribing agency | MAIN |
| 082 ## - DEWEY DECIMAL CLASSIFICATION NUMBER | |
| Classification number | 891.4514 |
| 100 ## - MAIN ENTRY--PERSONAL NAME | |
| Personal name | Guwahati Sabita sabha, |
| 245 11 - TITLE STATEMENT | |
| Title | Bezbaruahar sahitya prativa |
| Statement of responsibility, etc. | by Guwahati Sabita sabha |
| 250 ## - EDITION STATEMENT | |
| Edition statement | 1st. |
| 260 ## - PUBLICATION, DISTRIBUTION, ETC. | |
| Place of publication, distribution, etc. | Guwahati: |
| Name of publisher, distributor, etc. | Sahitya Prakash. |
| 300 ## - PHYSICAL DESCRIPTION | |
| Extent | 84p: |
| Dimensions | 23cm. |
| 942 ## - ADDED ENTRY ELEMENTS (KOHA) | |
| Koha item type | Books |
| 653 ## - INDEX TERM--UNCONTROLLED | |
| Uncontrolled term | Assamese essay |
| 653 ## - INDEX TERM--UNCONTROLLED | |
| Uncontrolled term | Bezbaruahar sahitya prativa |
| Withdrawn status | Lost status | Damaged status | Not for loan | Home library | Current library | Shelving location | Date acquired | Total Checkouts | Full call number | Barcode | Date last seen | Copy number | Price effective from | Koha item type |
|---|---|---|---|---|---|---|---|---|---|---|---|---|---|---|
| Central Library, Naharkatiya College | Central Library, Naharkatiya College | General Stacks | 19/09/2020 | 891.4514 | CHA | 17040 | 19/09/2020 | 1 | 19/09/2020 | Books |
